00502nam a2200133 a 450000100100000000500170001000800410002704000250006810000220009324501030011526000790021830000370029750500340033400004563720201002052347.0150420s2008 ag c 000 0 spa d aDO-SdBNPbspacBNPHU1 aStorni, Alfonsina10aManifiestos y correspondencias para un croquis del siglo XX /cAlfonsina Storni, Leopoldo Lugones. aBuenos Aires :bBiblioteca Nacional de la República de Argentina,c2008. a[24] p. :bil., retrs. ;c21 cm.0 av. 4 : 1938 Por mano propia--